000 00738nam a2200205Ia 4500
003 GCL
008 140319s9999 xx 000 0 ara d
040 _aGCL /
_cGCL
082 0 4 _a025.1
_bم ا
100 1 _aمحمد محمد الهادى
245 1 0 _aادارة الاعمال المكتبية المعاصرة :
_b:الاصول العلمية وتطبيقات المعلومات وتكنولوجياتها /
_cمحمد محمد الهادى
250 _aالثانية
260 _aالقاهرة :
_bالمكتبة الاكاديمية ،
_c1996
300 _a699 ص ؛
_c22 سم
650 0 4 _aالعلم
650 0 4 _aتنظيم وادارة
650 0 4 _aالمكتبات
650 0 4 _aاللوائح
942 _2ddc
_cBK
999 _c36507
_d36507